| 000 | 00456nam a2200145 a 4500 | ||
|---|---|---|---|
| 001 | 3574 | ||
| 003 | CDMR | ||
| 005 | 20130116135245.0 | ||
| 008 | 130130s1989||||||||||||||||||||||||||||d | ||
| 040 |
_aCDMR _bcat _cCPC GIRONA |
||
| 100 | 1 |
_aHerreros Arconada, Mario _92552 |
|
| 245 | 1 | 0 |
_aTeoría y técnica de la Propaganda Electoral (formas publicitarias) _cHerreros Arconada, Mario |
| 260 |
_c1989 _bPromociones y Publicaciones Universitarias (PPU) |
||
| 942 | _cMON | ||
| 999 |
_c3574 _d3574 |
||